[Event "Stay Safe Play From Home 144"]
[Site "T#645981Emanuel Laske"]
[Date "2020.05.12"]
[Round "6"]
[White "Kongle"]
[Black "Edmatuag"]
[Result "1-0"]
[WhiteElo "1827"]
[BlackElo "1708"]
[Annotator "NA RC"]
[PlyCount "99"]
[EventDate "2020.05.12"]
[EventType "swiss (blitz)"]

1. d4 {[%emt 0:00:05]} d5 {[%emt 0:00:01]} 2. c4 {[%emt 0:00:01]} e6 {[%emt 0:00:00]} 3. Nc3 {[%emt 0:00:01]} Nf6 {[%emt 0:00:00]} 4. Nf3 {[%emt 0:00:01]} c6 {[%emt 0:00:01]} 5. Bg5 {[%emt 0:00:01]} dxc4 {[%emt 0:00:03]} 6. e3 {[%emt 0:00:01]} b5 {[%emt 0:00:01]} 7. a3 {[%emt 0:00:02]} h6 {[%emt 0:00:03]} 8. Bh4 {[%emt 0:00:02]} Bb7 {[%emt 0:00:08]} 9. e4 {[%emt 0:00:01]} Be7 {[%emt 0:00:05]} 10. e5 {[%emt 0:00:02]} Nd5 {[%emt 0:00:03]} 11. Bxe7 {[%emt 0:00:02]} Nxe7 {[%emt 0:00:04]} 12. Ne4 {[%emt 0:00:01]} O-O {[%emt 0:00:05]} 13. Nd6 {[%emt 0:00:02]} Qc7 {[%emt 0:00:09]} 14. Nd2 {[%emt 0:00:02]} Nd7 {[%emt 0:00:21]} 15. f4 {[%emt 0:00:03]} a6 {[%emt 0:00:05]} 16. N2e4 {[%emt 0:00:07]} Nf5 {[%emt 0:00:18]} 17. Nxf5 {[%emt 0:00:04]} exf5 {[%emt 0:00:00]} 18. Nd6 {[%emt 0:00:03]} g6 {[%emt 0:00:08]} 19. Qc2 {[%emt 0:00:11]} c5 {[%emt 0:00:04]} 20. Be2 {[%emt 0:00:12]} cxd4 {[%emt 0:00:05]} 21. Bf3 {[%emt 0:00:01]} Nc5 {[%emt 0:00:12]} 22. Bxb7 {[%emt 0:00:05]} Nxb7 {[%emt 0:00:01]} 23. Nxf5 {[%emt 0:00:04]} d3 {[%emt 0:00:14]} 24. Nxh6+ {[%emt 0:00:19]} Kh7 {[%emt 0:00:02]} 25. Qf2 {[%emt 0:00:02]} Kxh6 {[%emt 0:00:08]} 26. Qh4+ {[%emt 0:00:01]} Kg7 {[%emt 0:00:01]} 27. Qf6+ {[%emt 0:00:04]} Kg8 {[%emt 0:00:01]} 28. h4 {[%emt 0:00:01]} Qd8 {[%emt 0:00:03]} 29. h5 {[%emt 0:00:06]} Qxf6 {[%emt 0:00:01]} 30. exf6 {[%emt 0:00:02]} Rfe8+ {[%emt 0:00:06]} 31. Kf2 {[%emt 0:00:01]} Re6 {[%emt 0:00:01]} 32. hxg6 {[%emt 0:00:02]} fxg6 {[%emt 0:00:00]} 33. f7+ {[%emt 0:00:03]} Kg7 {[%emt 0:00:04]} 34. Rae1 {[%emt 0:00:05]} Rxe1 {[%emt 0:00:08]} 35. Kxe1 {[%emt 0:00:02]} Rf8 {[%emt 0:00:00]} 36. f5 {[%emt 0:00:05]} gxf5 {[%emt 0:00:04]} 37. Kd2 {[%emt 0:00:10]} Rxf7 {[%emt 0:00:02]} 38. Re1 {[%emt 0:00:03]} Nc5 {[%emt 0:00:01]} 39. Kc3 {[%emt 0:00:02]} Ne4+ {[%emt 0:00:01]} 40. Kb4 {[%emt 0:00:01]} Kf6 {[%emt 0:00:01]} 41. Ka5 {[%emt 0:00:03]} Ra7 {[%emt 0:00:00]} 42. Kb6 {[%emt 0:00:01]} Ra8 {[%emt 0:00:01]} 43. Kb7 {[%emt 0:00:01]} Re8 {[%emt 0:00:01]} 44. Kxa6 {[%emt 0:00:00]} Nc5+ {[%emt 0:00:01]} 45. Kxb5 {[%emt 0:00:04]} Rxe1 {[%emt 0:00:00]} 46. Kxc5 {[%emt 0:00:01]} d2 {[%emt 0:00:00]} 47. Kxc4 {[%emt 0:00:01]} d1=Q {[%emt 0:00:00]} 48. Kb4 {[%emt 0:00:01]} Qd4+ {[%emt 0:00:01]} 49. Kb5 {[%emt 0:00:02]} Re5+ {[%emt 0:00:00]} 50. Kc6 {[%emt 0:00:02] Time (Lag: Av=0.59s, max=1.4s)} 1-0

[Event "Stay Safe Play From Home 144"]
[Site "T#645981Emanuel Laske"]
[Date "2020.05.12"]
[Round "6"]
[White "Gmbasti"]
[Black "Timbre"]
[Result "0-1"]
[WhiteElo "1643"]
[BlackElo "1574"]
[Annotator "NA RC"]
[PlyCount "128"]
[EventDate "2020.05.12"]
[EventType "swiss (blitz)"]

1. c4 {[%emt 0:00:06]} c6 {[%emt 0:00:09]} 2. e3 {[%emt 0:00:04]} d5 {[%emt 0:00:01]} 3. d4 {[%emt 0:00:01]} Nf6 {[%emt 0:00:03]} 4. Nc3 {[%emt 0:00:01]} Bf5 {[%emt 0:00:02]} 5. Bd3 {[%emt 0:00:01]} Bg6 {[%emt 0:00:02]} 6. Bxg6 {[%emt 0:00:01]} hxg6 {[%emt 0:00:02]} 7. cxd5 {[%emt 0:00:01]} Nxd5 {[%emt 0:00:02]} 8. Nxd5 {[%emt 0:00:01]} Qxd5 {[%emt 0:00:02]} 9. Nf3 {[%emt 0:00:02]} e6 {[%emt 0:00:01]} 10. O-O {[%emt 0:00:02]} Nd7 {[%emt 0:00:01]} 11. Re1 {[%emt 0:00:01]} Nf6 {[%emt 0:00:01]} 12. Qc2 {[%emt 0:00:02]} Bd6 {[%emt 0:00:02]} 13. e4 {[%emt 0:00:01]} Qh5 {[%emt 0:00:02]} 14. e5 {[%emt 0:00:02]} Ng4 {[%emt 0:00:03]} 15. h3 {[%emt 0:00:07]} Bc7 {[%emt 0:00:07]} 16. Qb3 {[%emt 0:00:23]} Rb8 {[%emt 0:00:04]} 17. Bd2 {[%emt 0:00:09]} Nh6 {[%emt 0:00:01]} 18. Bxh6 {[%emt 0:00:03]} Qxh6 {[%emt 0:00:03]} 19. Qe3 {[%emt 0:00:08]} Qh7 {[%emt 0:00:04]} 20. Rac1 {[%emt 0:00:02]} Bb6 {[%emt 0:00:01]} 21. Qe4 {[%emt 0:00:05]} Rd8 {[%emt 0:00:03]} 22. Ng5 {[%emt 0:00:09]} Qh5 {[%emt 0:00:04]} 23. Qf4 {[%emt 0:00:01]} O-O {[%emt 0:00:06]} 24. h4 {[%emt 0:00:04]} Rxd4 {[%emt 0:00:05]} 25. Re4 {[%emt 0:00:05]} Rxe4 {[%emt 0:00:01]} 26. Nxe4 {[%emt 0:00:01]} Qf5 {[%emt 0:00:04]} 27. Qxf5 {[%emt 0:00:10]} gxf5 {[%emt 0:00:02]} 28. Nd6 {[%emt 0:00:01]} Rb8 {[%emt 0:00:04]} 29. a4 {[%emt 0:00:09]} Bd4 {[%emt 0:00:02]} 30. b4 {[%emt 0:00:01]} Bxe5 {[%emt 0:00:01]} 31. Nc4 {[%emt 0:00:02]} Bf6 {[%emt 0:00:02]} 32. g3 {[%emt 0:00:02]} Rd8 {[%emt 0:00:04]} 33. Rc2 {[%emt 0:00:03]} Rd4 {[%emt 0:00:02]} 34. b5 {[%emt 0:00:03]} cxb5 {[%emt 0:00:02]} 35. axb5 {[%emt 0:00:01]} a6 {[%emt 0:00:01]} 36. bxa6 {[%emt 0:00:02]} bxa6 {[%emt 0:00:01]} 37. Nb6 {[%emt 0:00:01]} a5 {[%emt 0:00:04]} 38. Ra2 {[%emt 0:00:03]} Rd1+ {[%emt 0:00:07]} 39. Kg2 {[%emt 0:00:01]} Bc3 {[%emt 0:00:03]} 40. Ra3 {[%emt 0:00:06]} Bb4 {[%emt 0:00:01]} 41. Ra2 {[%emt 0:00:01]} Rd6 {[%emt 0:00:02]} 42. Nc4 {[%emt 0:00:01]} Rc6 {[%emt 0:00:01]} 43. Ne5 {[%emt 0:00:01]} Rc5 {[%emt 0:00:01]} 44. Nd7 {[%emt 0:00:01]} Rc7 {[%emt 0:00:02]} 45. Ne5 {[%emt 0:00:01]} Rc5 {[%emt 0:00:01]} 46. Nd3 {[%emt 0:00:01]} Rb5 {[%emt 0:00:02]} 47. h5 {[%emt 0:00:04]} Rd5 {[%emt 0:00:06]} 48. Nxb4 {[%emt 0:00:02]} axb4 {[%emt 0:00:01]} 49. Rb2 {[%emt 0:00:01]} Rb5 {[%emt 0:00:02]} 50. Kf3 {[%emt 0:00:02]} Kh7 {[%emt 0:00:01]} 51. g4 {[%emt 0:00:01]} fxg4+ {[%emt 0:00:02]} 52. Kxg4 {[%emt 0:00:01]} g6 {[%emt 0:00:01]} 53. hxg6+ {[%emt 0:00:01]} Kxg6 {[%emt 0:00:01]} 54. f4 {[%emt 0:00:00]} f6 {[%emt 0:00:03]} 55. Rb3 {[%emt 0:00:01]} e5 {[%emt 0:00:01]} 56. fxe5 {[%emt 0:00:01]} fxe5 {[%emt 0:00:01]} 57. Ra3 {[%emt 0:00:05]} Kf6 {[%emt 0:00:02]} 58. Ra6+ {[%emt 0:00:01]} Kf7 {[%emt 0:00:01]} 59. Kf5 {[%emt 0:00:00]} b3 {[%emt 0:00:02]} 60. Ra7+ {[%emt 0:00:00]} Ke8 {[%emt 0:00:04]} 61. Ke6 {[%emt 0:00:00]} Rb6+ {[%emt 0:00:01]} 62. Kxe5 {[%emt 0:00:02]} b2 {[%emt 0:00:01]} 63. Ra8+ {[%emt 0:00:00]} Kd7 {[%emt 0:00:02]} 64. Rb8 {[%emt 0:00:01]} Rxb8 {[%emt 0:00:02] Zeit (Lag: Av=0.59s, max=1.0s)} 0-1

[Event "Stay Safe Play From Home 144"]
[Site "T#645981Emanuel Laske"]
[Date "2020.05.12"]
[Round "7"]
[White "Little champs"]
[Black "Lazieri3"]
[Result "0-1"]
[WhiteElo "2146"]
[BlackElo "2049"]
[Annotator "TA"]
[PlyCount "102"]
[EventDate "2020.05.12"]
[EventType "swiss (blitz)"]

{[%evp 12,101,16,11,16,15,14,14,14,13,22,13,13,14,29,0,20,0,6,9,11,8,25,19,36,24,39,0,93,-81,390,388,353,258,301,302,377,350,351,347,343,345,912,898,891,899,867,867,1055,1023,1025,856,829,829,745,619,617,609,531,355,456,-459,-440,-544,-544,-1306,-1306,-1306,-1289,-1362,-1283,-1259,0,-1310,-1303,-1236,-847,-5144,-5065,-1554,-1188,-29978,-29979,-29978,-29978,-29977,-29977,-29988,-29982,-29998,-29999,-29999]} 1. d4 d5 2. e3 c6 3. Nf3 Nf6 4. Be2 Bf5 5. O-O e6 6. c4 h6 7. Nc3 Bd6 {D12: Slav Defence: 3 Nf3 Nf6 4 e3 Bf5.} 8. Bd3 Bxd3 9. Qxd3 O-O {The position is equal.} 10. e4 dxe4 11. Nxe4 Nxe4 12. Qxe4 Nd7 13. Bd2 {[#]} Nf6 $146 ({Predecessor:} 13... Re8 14. Bc3 Qe7 15. a3 Nf6 16. Qe2 Rad8 17. Rfe1 Qc7 18. Rad1 b6 19. b4 b5 {1-0 (41) Savchenko,V (2375)-Rudak,V Alushta 1998}) 14. Qh4 Nh7 15. Qh3 Qf6 16. Rfe1 Bf4 {White should prevent ...Bxd2.} 17. Bc3 Ng5 18. Nxg5 Qxg5 19. g3 Bd2 (19... Bd6 $11 {remains equal.}) 20. f4 $2 (20. Re5 $16 {is forced if you want to stay better.} f5 21. Qf1 (21. Rxe6 Bxc3 22. bxc3 Qd2 $14) 21... Bxc3 22. bxc3) 20... Qg6 $2 {[%mdl 8192]} (20... Bxf4 $1 $17 21. Qg2 Bc7) 21. Bxd2 $18 Qd3 22. Qg2 Qxc4 23. Bc3 b5 24. a3 a5 25. Qe2 Qd5 26. Qe5 Qb3 $2 {[#]} (26... Rfd8 27. Rac1 b4 28. axb4 axb4 29. Qxd5 Rxd5 30. Bxb4 Rxd4) 27. d5 $1 {[%csl Gc3][%cal Re5g7]} f6 (27... Qxd5 28. Qxg7#) 28. Qxe6+ {[%mdl 64] Double Attack} Kh8 29. dxc6 Qc2 30. Re2 Qd3 31. Rae1 b4 32. axb4 axb4 33. Bxb4 Qd4+ 34. Kg2 Qxb4 35. Kh3 Rac8 36. Qxc8 $4 {[%mdl 8192]} (36. Rc2 $18 {avoids the disaster.}) 36... Rxc8 $19 37. Re8+ Kh7 38. Rxc8 {[#] Threatens to win with Rh8+!} Qxe1 {[%mdl 4096] Endgame KQ-KR} 39. Kg2 Qe6 40. Rc7 Qd6 41. Rc8 Qe6 42. Rc7 Qe2+ 43. Kg1 Qxb2 {Strongly threatening ...Qb6+.} 44. Rc8 h5 45. h3 Kg6 46. g4 hxg4 {Black mates.} 47. hxg4 f5 48. g5 Kh5 49. c7 Kg4 50. Kf1 Kf3 {[%csl Gf3][%cal Rb2f2]} 51. Ke1 Qe2# {Black used his chance. Accuracy: White = 55%, Black = 65%.} 0-1

[Event "Stay Safe Play From Home 144"]
[Site "T#645981Emanuel Laske"]
[Date "2020.05.12"]
[Round "7"]
[White "rohit2007"]
[Black "Don59as"]
[Result "1-0"]
[WhiteElo "2039"]
[BlackElo "2032"]
[Annotator "RC"]
[PlyCount "99"]
[EventDate "2020.05.12"]
[EventType "swiss (blitz)"]

1. e4 {[%emt 0:00:03]} e5 {[%emt 0:00:01]} 2. Nf3 {[%emt 0:00:01]} Nc6 {[%emt 0:00:01]} 3. Bb5 {[%emt 0:00:04]} f5 {[%emt 0:00:02]} 4. d3 {[%emt 0:00:03]} Nf6 {[%emt 0:00:01]} 5. Nc3 {[%emt 0:00:06]} d6 {[%emt 0:00:03]} 6. O-O {[%emt 0:00:10]} Be7 {[%emt 0:00:01]} 7. Bg5 {[%emt 0:00:03]} O-O {[%emt 0:00:01]} 8. Bxf6 {[%emt 0:00:02]} Bxf6 {[%emt 0:00:01]} 9. Nd5 {[%emt 0:00:01]} Kh8 {[%emt 0:00:01]} 10. Qe2 {[%emt 0:00:08]} fxe4 {[%emt 0:00:05]} 11. dxe4 {[%emt 0:00:01]} Bg4 {[%emt 0:00:02]} 12. h3 {[%emt 0:00:03]} Nd4 {[%emt 0:00:02]} 13. Qe3 {[%emt 0:00:01]} Nxf3+ {[%emt 0:00:06]} 14. gxf3 {[%emt 0:00:01]} Bxh3 {[%emt 0:00:01]} 15. Rfd1 {[%emt 0:00:06]} c6 {[%emt 0:00:17]} 16. Bf1 {[%emt 0:00:08]} Bxf1 {[%emt 0:00:06]} 17. Nxf6 {[%emt 0:00:01]} Bh3 {[%emt 0:00:11]} 18. Ng4 {[%emt 0:00:06]} Qh4 {[%emt 0:00:09]} 19. Rxd6 {[%emt 0:00:06]} Rf4 {[%emt 0:00:12]} 20. Nxe5 {[%emt 0:00:16]} Qg5+ {[%emt 0:00:08]} 21. Ng4 {[%emt 0:00:02]} Bxg4 {[%emt 0:00:11]} 22. fxg4 {[%emt 0:00:02]} Rxg4+ {[%emt 0:00:01]} 23. Kf1 {[%emt 0:00:07]} Rg1+ {[%emt 0:00:01]} 24. Ke2 {[%emt 0:00:01]} Qg4+ {[%emt 0:00:06]} 25. f3 {[%emt 0:00:08]} Qg2+ {[%emt 0:00:07]} 26. Kd3 {[%emt 0:00:01]} Rxa1 {[%emt 0:00:02]} 27. Kc3 {[%emt 0:00:01]} h6 {[%emt 0:00:08]} 28. Rd7 {[%emt 0:00:03]} Rf8 {[%emt 0:00:05]} 29. f4 {[%emt 0:00:02]} Rf1 {[%emt 0:00:03]} 30. Qd4 {[%emt 0:00:01]} R1xf4 {[%emt 0:00:03]} 31. b3 {[%emt 0:00:06]} Rxe4 {[%emt 0:00:01]} 32. Qd6 {[%emt 0:00:01]} Ref4 {[%emt 0:00:11]} 33. Kb2 {[%emt 0:00:02]} Rf2 {[%emt 0:00:02]} 34. Ka3 {[%emt 0:00:02]} R8f6 {[%emt 0:00:07]} 35. Qb8+ {[%emt 0:00:03]} Kh7 {[%emt 0:00:01]} 36. Rd8 {[%emt 0:00:02]} Rxc2 {[%emt 0:00:03]} 37. Rh8+ {[%emt 0:00:01]} Kg6 {[%emt 0:00:01]} 38. Qe8+ {[%emt 0:00:02]} Kg5 {[%emt 0:00:01]} 39. Qe5+ {[%emt 0:00:01]} Kh4 {[%emt 0:00:02]} 40. Qd4+ {[%emt 0:00:02]} Qg4 {[%emt 0:00:02]} 41. Qe5 {[%emt 0:00:08]} Rf1 {[%emt 0:00:02]} 42. Qe7+ {[%emt 0:00:04]} Rf6 {[%emt 0:00:02]} 43. Qe5 {[%emt 0:00:02]} Qg3 {[%emt 0:00:02]} 44. Qe4+ {[%emt 0:00:03]} Qf4 {[%emt 0:00:00]} 45. Qxc2 {[%emt 0:00:01]} Qe5 {[%emt 0:00:01]} 46. Qc4+ {[%emt 0:00:02]} Kg5 {[%emt 0:00:02]} 47. Qc1+ {[%emt 0:00:02]} Kg6 {[%emt 0:00:02]} 48. Qc2+ {[%emt 0:00:01]} Qf5 {[%emt 0:00:00]} 49. Qg2+ {[%emt 0:00:02]} Kf7 {[%emt 0:00:02]} 50. Qxg7+ {[%emt 0:00:02] Time (Lag: Av=0.54s, max=0.7s)} 1-0

[Event "Stay Safe Play From Home 144"]
[Site "T#645981Emanuel Laske"]
[Date "2020.05.12"]
[Round "7"]
[White "Lucknow"]
[Black "Chessencounter"]
[Result "0-1"]
[WhiteElo "1847"]
[BlackElo "2020"]
[Annotator "RC"]
[PlyCount "48"]
[EventDate "2020.05.12"]
[EventType "swiss (blitz)"]

1. d4 {[%emt 0:00:02]} d5 {[%emt 0:00:01]} 2. c4 {[%emt 0:00:01]} c6 {[%emt 0:00:01]} 3. Nf3 {[%emt 0:00:02]} Nf6 {[%emt 0:00:01]} 4. Nc3 {[%emt 0:00:01]} g6 {[%emt 0:00:01]} 5. e3 {[%emt 0:00:01]} Bg7 {[%emt 0:00:01]} 6. Bd3 {[%emt 0:00:00]} O-O {[%emt 0:00:00]} 7. O-O {[%emt 0:00:01]} Be6 {[%emt 0:00:01]} 8. b3 {[%emt 0:00:02]} Nbd7 {[%emt 0:00:01]} 9. Qe2 {[%emt 0:00:01]} Bg4 {[%emt 0:00:01]} 10. e4 {[%emt 0:00:04]} dxe4 {[%emt 0:00:04]} 11. Nxe4 {[%emt 0:00:01]} c5 {[%emt 0:00:01]} 12. Bb2 {[%emt 0:00:08]} Nxe4 {[%emt 0:00:13]} 13. Bxe4 {[%emt 0:00:01]} e6 {[%emt 0:00:02]} 14. d5 {[%emt 0:00:08]} Bxb2 {[%emt 0:00:09]} 15. Qxb2 {[%emt 0:00:01]} Qf6 {[%emt 0:00:00]} 16. Qd2 {[%emt 0:00:24]} Rad8 {[%emt 0:00:07]} 17. Rad1 {[%emt 0:00:14]} Ne5 {[%emt 0:00:12]} 18. Qe3 {[%emt 0:00:19]} exd5 {[%emt 0:00:10]} 19. Bxd5 {[%emt 0:00:03]} Rfe8 {[%emt 0:00:03]} 20. Qh6 {[%emt 0:00:29]} Nxf3+ {[%emt 0:00:25]} 21. gxf3 {[%emt 0:00:02]} Bxf3 {[%emt 0:00:06]} 22. Bxf3 {[%emt 0:00:05]} Qxf3 {[%emt 0:00:00]} 23. Rxd8 {[%emt 0:00:04]} Rxd8 {[%emt 0:00:00]} 24. Qg5 {[%emt 0:00:01]} Rd4 {[%emt 0:00:02] Lucknow gibt auf (Lag: Av=0.95s, max=1.2s)} 0-1

[Event "Stay Safe Play From Home 144"]
[Site "T#645981Emanuel Laske"]
[Date "2020.05.12"]
[Round "7"]
[White "Edmatuag"]
[Black "Bodar"]
[Result "1-0"]
[WhiteElo "1697"]
[BlackElo "1947"]
[Annotator "TA"]
[PlyCount "99"]
[EventDate "2020.05.12"]
[EventType "swiss (blitz)"]

{[%evp 15,99,17,36,12,15,0,11,-8,-2,-64,-63,-67,-64,-70,-62,-81,-67,-86,-43,-53,0,0,43,-34,-34,-40,-13,-14,-22,-16,-2,-4,0,-34,0,0,9,-14,-14,-17,-17,-24,-17,-17,-12,-17,-17,-17,0,0,0,0,0,0,0,0,0,0,13,0,0,0,0,0,0,0,0,-21,0,-259,-8,-8,-8,-8,43,-1064,-649,-1270,-1260,-1180,-1092,-1554,-1424,-1539,-1495,-1081]} 1. e4 c5 2. Nf3 d6 3. d4 cxd4 4. Nxd4 Nf6 5. Nc3 a6 6. Be2 e5 7. Nb3 Be7 8. O-O Be6 9. Qd3 {B92: Sicilian Najdorf: 6 Be2.} Nbd7 10. Bd2 Rc8 {[#]} 11. Rac1 $146 {The position is equal.} ({Predecessor:} 11. Rfc1 Nb6 12. Na5 Qc7 13. Qg3 O-O 14. Bh6 Ne8 15. Rd1 Bd8 16. h3 f5 17. exf5 Bxf5 18. Be3 Na4 19. Bc4+ Kh8 20. Nxa4 Qxa5 21. Bb3 b5 {½-½ (21) Halaf,B (2122)-Talibov,N (2183) ICCF email 2015}) 11... O-O 12. Kh1 (12. Nd5 $11) 12... b5 13. Nd5 Bxd5 14. exd5 Nb6 15. Na5 Nbxd5 16. c4 bxc4 17. Rxc4 Rxc4 ({Black should try} 17... Qb6 $15) 18. Qxc4 $11 Nf4 19. Bxf4 (19. Nc6 $14 Qd7 20. Bxf4 exf4 21. b4 (21. Qxa6 Ne4 $11)) 19... Qxa5 $15 20. b4 Qd5 {[#] Hoping for ...Qxc4.} (20... Qb6 {keeps more tension.} 21. Be3 Qb8 22. a3 d5 23. Qd3 d4) 21. Bg5 Qxc4 22. Bxc4 Ra8 23. Bxf6 gxf6 $11 {[%mdl 4096] Endgame KRB-KRB} 24. Rd1 Kf8 (24... Rc8 $5 {[%cal Rc8c4]} 25. Bxa6 Rc2 $11) 25. g3 f5 26. a4 Rb8 27. b5 axb5 28. axb5 Rb6 29. Rb1 Kg7 30. Bd5 Kf6 31. f3 Bf8 32. Kg2 Bh6 33. Kf2 Bd2 34. Ke2 Bc3 35. Kd3 Bd4 36. Kc4 Bf2 37. Rb2 Bg1 38. h3 h5 39. g4 hxg4 40. fxg4 Rb8 41. Rg2 Be3 42. Rg3 $2 {[%mdl 8192]} (42. gxf5 $11 {and White has nothing to worry.} Bb6 43. Ra2) 42... Bf4 $2 (42... f4 $19 43. Rg2 Rc8+ 44. Kd3 Rc5) 43. Rf3 Rc8+ 44. Bc6 Kg5 (44... fxg4 $11 45. hxg4 Ke6) 45. b6 $2 {[%mdl 8192] This costs White the game.} (45. gxf5 $14 Kxf5 46. Kd5) 45... e4 {Black is clearly winning.} 46. Rf1 Rxc6+ {[%mdl 64] [#] Double Attack} 47. Kb5 Rc5+ 48. Ka6 Rc2 49. b7 Ra2+ 50. Kb6 {[%mdl 32768] Accuracy: White = 70%, Black = 70%. . Sensor Board Error (Ke4/e5)?} 1-0

[Event "Stay Safe Play From Home 144"]
[Site "T#645981Emanuel Laske"]
[Date "2020.05.12"]
[Round "7"]
[White "matanant"]
[Black "Haris kollari 13"]
[Result "1-0"]
[WhiteElo "1655"]
[BlackElo "1954"]
[Annotator "TA"]
[PlyCount "125"]
[EventDate "2020.05.12"]
[EventType "swiss (blitz)"]

{[%evp 10,125,34,1,12,3,14,0,2,-6,0,-31,-23,-38,-50,-50,0,-9,-14,-16,35,33,35,31,31,31,41,7,9,4,24,19,38,27,72,57,175,91,214,210,178,135,137,130,131,121,129,91,114,112,114,108,225,208,222,226,271,267,299,192,205,193,197,176,159,170,199,213,456,252,222,67,422,354,278,134,452,571,510,279,204,0,29976,29977,481,0,0,-5804,0,0,403,0,0,0,0,0,0,0,0,0,0,0,29983,29984,29985,29986,29986,29987,29988,29989,29990,29991,29991,29992,29992,29993,29993,29993]} 1. b3 e6 2. Bb2 d5 3. e3 f5 4. f4 Nf6 5. Nf3 Bd6 6. Be2 O-O {A02: Bird's Opening.} 7. O-O c5 {[#]} 8. d4 $146 ({Predecessor:} 8. Ne5 Bd7 9. Rf3 Nc6 10. Rh3 Bxe5 11. fxe5 Ne4 12. d3 Ng5 13. Rg3 Nf7 14. d4 cxd4 15. exd4 {0-1 (36) Drachev,N (1712)-Karelov,P Kemerovo 2013}) 8... Nc6 {The position is equal.} 9. c3 Ne4 10. Bd3 a6 11. Bxe4 dxe4 12. Ne5 cxd4 13. cxd4 Bxe5 14. dxe5 Ne7 (14... b5 $11) 15. Nc3 $14 Bd7 16. Ba3 Re8 17. Qd6 {Black must now prevent Rad1.} Nc8 18. Qd2 Bc6 19. Rfd1 Nb6 20. Qb2 Qc8 21. Bd6 Bd5 22. Rac1 Qd7 {[#]} (22... Bc6 $14) 23. Bc5 (23. Bc7 $1 $18 {[%cal Rc7b6][%mdl 512]} Nc8 (23... Qxc7 24. Nxd5) 24. Nxd5 exd5 25. Qd2) 23... Nc8 (23... Qc7 $16) 24. Nxd5 exd5 25. a4 Rd8 26. Qd4 Qe6 27. a5 $36 {[%mdl 2048] White is in control.} Rd7 28. Bb6 Nxb6 29. axb6 (29. Qxb6 $6 Qxb6 30. axb6 Kf7 $14) 29... Rad8 30. Rc7 g6 (30... h6 $16) 31. Rdc1 $18 Kf7 32. b4 Ke7 33. g3 h6 34. Kg2 g5 35. Qc5+ Kf7 36. b5 axb5 37. Qxb5 gxf4 38. gxf4 Ke7 $2 (38... Kg8 {might work better.} 39. Rxd7 Rxd7) 39. Qc5+ (39. Kh1 $142 Kf7 40. Rg1) 39... Kf7 40. Qb4 $2 (40. Kh1 $18) 40... Rg8+ $2 {[%mdl 8192]} ({Better is} 40... Qg6+ $1 $14 41. Kh1 Qg4) 41. Kf2 {aiming for Rxd7+.} Rgd8 42. Qa5 (42. Rg1 $18 {has better winning chances.}) 42... Rxc7 $4 {[%mdl 8192]} (42... Kg6 $16 {is tougher.}) 43. bxc7 $16 {[%mdl 4096] Endgame KQR-KQR} (43. Rxc7+ Kg6 $14) 43... Rc8 44. Qa7 Qa6 45. Qb8 $2 (45. Qc5 $18 Qd3 46. Qa5) 45... Qe6 $2 {[%mdl 8192]} (45... Qa2+ $11 46. Kf1 (46. Kg3 $2 Qe2 $19) 46... Qa6+ 47. Kg1 Qa3) 46. Qxb7 d4 47. Rc6 $2 (47. exd4 $18 {Threatens to win with d5.} Qa2+ 48. Kf1) 47... Qa2+ $11 48. Ke1 $2 {[%mdl 8192] [#]} (48. Kf1 $11 dxe3 49. Rc2 Qxc2 {[%mdl 64] Double Attack} 50. Qd5+ Kg7 51. Qd7+ {[%mdl 64] Double Attack} Kg6 52. Qe6+ Kh7 53. Qxf5+ Kg7 54. Qd7+ Kg6 55. Qe6+ (55. Qg4+ Kh7 $11) 55... Kh7 56. Qf5+ Kg7 57. Qd7+ Kg6 58. Qe6+ (58. Qg4+ Kh7 $11) 58... Kh7 59. Qf5+) 48... Qa1+ $2 ({Black should play} 48... dxe3 $3 $19 {[%mdl 512] ( -> ...Qf2+)} 49. Rc2 Qxc2 {[%mdl 64] Double Attack} 50. Qd5+ {[#]} Kg6 $1 {[%mdl 512]} 51. Qe6+ Kh5 $1 {[%mdl 512]} 52. Qf7+ Kh4 $1 {[%mdl 512]} 53. Qf6+ Kh3 $1 {[%mdl 512]} 54. Qxf5+ Kg2 55. Qg4+ Kh1 56. Qe2 Qc3+ 57. Kf1 Rg8 58. Qg4 Rxg4 59. h3 Rxf4+ 60. Ke2 Qd2#) 49. Kd2 dxe3+ $2 {[%mdl 8192]} (49... Qa2+ $1 $11 {and Black has nothing to worry.} 50. Kd1 d3) 50. Kxe3 $2 (50. Ke2 $18 Qa2+ 51. Kxe3 Qa3+ 52. Kd2 Qd3+ 53. Kc1 Qa3+ 54. Kc2) 50... Qe1+ $1 51. Kd4 Qd2+ 52. Kc5 {Qb3+ would kill now.} Qc3+ 53. Kb6 Qb4+ 54. Ka7 Qa5+ 55. Qa6 $1 {[%cal Ra6a5]} Qxa6+ $4 {[%mdl 8192]} (55... Rxc7+ $11 56. Rxc7+ Qxc7+ 57. Ka8 Qd8+ 58. Kb7 Qe7+ 59. Kb8 e3) 56. Kxa6 {KR-KR. White mates.} e3 57. Kb7 e2 58. Rc1 Rxc7+ 59. Kxc7 Ke6 60. Re1 Kd5 61. Rxe2 Kd4 62. e6 Kd3 63. Re1 {What a fight! Accuracy: White = 55%, Black = 57%.} 1-0